000 01139nam0a22002771 4500
001 rc\4473102
005 20250612093203.0
021 _aRU
_b[69-2065]
035 _a(NLR Aleph) 008597814
090 _a8684723
_c8684723
100 _a20130416d1968 |||y0rusy50 ca
101 0 _arus
102 _aRU
105 _aa z |||||
200 1 _aФизико-химические основы регулирования свойств дисперсий глинистых минералов
_f[АН УССР. Ин-т общей и неорган. химии]
210 _aКиев
_cНаукова думка
_d1968
215 _a320 с.
_cил.
_d22
320 _aБиблиогр. в конце глав и разделов
606 _aГлинистые минералы
_xФизико-химические свойства
_2psbo
606 _aГлинистые растворы
_xФизико-химические свойства
_2psbo
700 1 _aКруглицкий
_bН.Н.
_gНиколай Николаевич
801 0 _aRU
_bNLR
_gpsbo
801 1 _aRU
_bELAR
_2rusmarc
852 _aNLR
_j69-5/944
942 _cBOOK
980 _aNB